|
|
|
|
| LEADER |
00000ny a22000003n 4500 |
| 005 |
20110603151154.0 |
| 008 |
060510s2006 sp 001 0 spa c |
| 017 |
|
|
|a SE109-2006
|
| 020 |
|
|
|a 9788480047173
|
| 035 |
|
|
|a 1588
|
| 040 |
|
|
|a SpMaUCDE
|d vLex
|
| 080 |
|
|
|a 658:343.22(73)
|
| 090 |
|
|
|c 457
|d 457
|
| 100 |
1 |
|
|a Gm̤ez-Jara De̕z, Carlos
|
| 245 |
1 |
3 |
|a La responsabilidad penal de las empresas en EE.UU
|h [Recurso electrn̤ico]
|c Carlos Gm̤ez-Jara De̕z
|
| 256 |
|
|
|a Servicio en ln̕ea
|
| 260 |
|
|
|a Madrid :
|b Edit. universitaria Ramn̤ Areces,
|c 2006
|
| 300 |
|
|
|a v.
|
| 506 |
1 |
|
|a Contenido solo disponible en los productos indicados
|d vLex Global
|d vLex Global (Academic Edition, excluding Law Schools)
|d vLex Global (U.S. Academic Edition, Law Schools)
|d vLex Global (U.S. Academic Edition, excluding Law Schools)
|d vLex Global (Academic Edition, Law Schools)
|
| 650 |
0 |
4 |
|a Empresas
|x Responsabilidad penal
|z Estados Unidos
|
| 740 |
0 |
|
|a vLex Libros (Servicios en ln̕ea)
|
| 856 |
4 |
0 |
|z Acceso restringido
|u http://vlex.com/source/1588
|
| 942 |
|
|
|c BOOK
|
| 999 |
0 |
4 |
|a Corportation
|b United States
|
| 999 |
0 |
4 |
|a Empresas
|z Estados Unidos.
|